Países com as menores elevações médias - Statistics

Estatísticas Gerais
  • Esse quiz foi jogado 20 vezes
  • A pontuação média é 6 de 15
Estatísticas das Respostas
Elevação Países % Correto
30 m Países Baixos
74%
2 m Ilhas Marshall
63%
1,5 m Maldivas
63%
2 m Kiribati
58%
34 m Dinamarca
53%
1,8 m Tuvalu
53%
28 m Catar
47%
61 m Estônia
42%
87 m Letônia
42%
15 m Singapura
32%
85 m Bangladesh
21%
34 m Gâmbia
16%
70 m Guiné-Bissau
16%
83 m Trinidad e Tobago
16%
69 m Senegal
11%
Nenhum quiz correspondente encontrado
Distribuição das Pontuações
Porcentagem de Pessoas com Cada Pontuação
Percentil de Números Respondidos
Sua Pontuação Histórica
Você não jogou esse quiz